|
|
|
|
| LEADER |
01155nam a2200277 a 4500 |
| 008 |
090730r19981993enk 000 0 eng d |
| 020 |
|
|
|a 9780571177653
|
| 020 |
|
|
|a 0571194281 (pbk)
|
| 082 |
0 |
0 |
|a 822.914
|2 21
|
| 100 |
1 |
|
|a Stoppard, Tom.
|
| 240 |
1 |
0 |
|a Plays.
|k Selections
|
| 245 |
1 |
4 |
|a Plays three /
|c Stoppard, Tom ; introduced by the author.
|
| 246 |
3 |
|
|a Plays 3
|
| 246 |
1 |
4 |
|a Tom Stoppard - plays 3
|
| 246 |
1 |
8 |
|a Tom Stoppard - plays
|
| 260 |
|
|
|a London ;
|a Faber and Faber :
|b Oxford,
|c 1993 [reprinted 1998]
|
| 300 |
|
|
|a viii, 264 p. ;
|c 20 cm.
|
| 490 |
1 |
|
|a Contemporary classics
|
| 500 |
|
|
|a Originally published as: The television plays 1965-1984. 1993.
|
| 505 |
0 |
|
|a A separate peace -- Teeth -- Another moon called earth -- Neutral ground -- Professional foul -- Squaring the circle.
|
| 541 |
1 |
|
|e 00014400
|
| 650 |
|
0 |
|a Television plays, English.
|
| 830 |
|
0 |
|a Contemporary classics (London, England)
|
| 852 |
4 |
|
|a Ayesha Abed Library
|j General shelf
|
| 999 |
|
|
|c 3759
|d 3759
|
| 952 |
|
|
|0 0
|1 0
|2 ddc
|4 0
|6 822_914000000000000_STO
|7 0
|9 3410
|a BRACUL
|b BRACUL
|c GEN
|d 2009-09-03
|g 963.00
|l 1
|o 822.914 STO
|p 3010014400
|r 2011-10-12
|s 2011-10-08
|t 1
|w 2009-09-03
|y BK
|